000
00283nam a22001217a 4500
003
OSt
008
221117b |||||||| |||| 00| 0 eng d
041
_a
eng
082
_a
350
_b
MAR/EL
100
_a
Morstein Mark,Fritz
_9
5307
245
_a
Elements of public administration
942
_c
BK
999
_c
17580
_d
17580